Organizational behavior / (Record no. 3297)

000 -LEADER
fixed length control field 01054cam a2200313 a 4500
001 - CONTROL NUMBER
control field 15985037
003 - CONTROL NUMBER IDENTIFIER
control field OSt
005 - DATE AND TIME OF LATEST TRANSACTION
control field 20160930105344.0
008 - FIXED-LENGTH DATA ELEMENTS--GENERAL INFORMATION
fixed length control field 091116s2011 njua b 001 0 eng
010 ## - LIBRARY OF CONGRESS CONTROL NUMBER
LC control number 2009047331
020 ## - INTERNATIONAL STANDARD BOOK NUMBER
International Standard Book Number 9781442528550
035 ## - SYSTEM CONTROL NUMBER
System control number (OCoLC)ocn457156193
040 ## - CATALOGING SOURCE
Original cataloging agency DLC
Transcribing agency DLC
Modifying agency YDX
-- YDXCP
-- CDX
-- DLC
050 00 - LIBRARY OF CONGRESS CALL NUMBER
Classification number HD58.7.R62 2011
082 00 - DEWEY DECIMAL CLASSIFICATION NUMBER
Classification number 658.3
Edition number 22
100 1# - MAIN ENTRY--PERSONAL NAME
Personal name Robbins, Stephen P.,
Dates associated with a name 1943-
245 10 - TITLE STATEMENT
Title Organizational behavior /
Statement of responsibility, etc Stephen P. Robbins, Timothy A. Judge, Bruce Millet, Maree Boyle
250 ## - EDITION STATEMENT
Edition statement 6th ed.
260 ## - PUBLICATION, DISTRIBUTION, ETC. (IMPRINT)
Place of publication, distribution, etc Australia :
Name of publisher, distributor, etc Pearson education,
Date of publication, distribution, etc c2011.
300 ## - PHYSICAL DESCRIPTION
Extent xxx, 554 p. :
Other physical details col. ill. ;
Dimensions 26 cm.
504 ## - BIBLIOGRAPHY, ETC. NOTE
Bibliography, etc Includes bibliographical references and indexes.
650 #0 - SUBJECT ADDED ENTRY--TOPICAL TERM
Topical term or geographic name as entry element Organizational behavior
Form subdivision Textbooks.
700 1# - ADDED ENTRY--PERSONAL NAME
Personal name Judge, Timothy
700 1# - ADDED ENTRY--PERSONAL NAME
Personal name Boyle,Maree
700 1# - ADDED ENTRY--PERSONAL NAME
Personal name Millett,Bruce
906 ## - LOCAL DATA ELEMENT F, LDF (RLIN)
a 7
b cbc
c orignew
d 1
e ecip
f 20
g y-gencatlg
942 ## - ADDED ENTRY ELEMENTS (KOHA)
Source of classification or shelving scheme
Koha item type Book
Holdings
Withdrawn status Lost status Source of classification or shelving scheme Damaged status Not for loan Home library Current library Shelving location Date acquired Total Checkouts Full call number Barcode Date last seen Copy number Price effective from Koha item type
          Riara University Library Riara University Library General stack 30/09/2016   HD58.7.R62 2011 7219/16 30/09/2016 C.1 30/09/2016 Book
          Riara University Library Riara University Library General stack 30/09/2016   HD58.7.R62 2011 7135/16 30/09/2016 C.2 30/09/2016 Book

Riara University Library,
P.O. Box 49940-00100,
Nairobi, Kenya.